| Tag |
First Indicator |
Second Indicator |
Subfields |
| LEADER |
00000nam a2200000Ia 4500 |
| 001 |
in00004239721 |
| 005 |
20200807093817.0 |
| 006 |
m g d |
| 007 |
cr bn |||a|bb| |
| 008 |
850509s1644 enk o 00| | eng d |
| 035 |
|
|
|a (OCoLC)12016614
|
| 040 |
|
|
|a EAA
|c EAA
|d WaOLN
|
| 037 |
|
|
|a CL0037000007
|b ProQuest Information and Learning. 300 N. Zeeb Rd., Ann Arbor, MI 48106
|
| 049 |
|
|
|a UMIA
|
| 245 |
0 |
4 |
|a The humble propositions of the agents for the Protestants in Ireland, residing at Oxford, presented to His Majesty the 18 of Aprill 1644 :
|b in pursuance of the petition of the Protestant subjects in Ireland, humbly craveing of His Majesty that for the satisfaction of iustice, and his owne honour, exemplary punishment may be inflicted upon the Irish rebells that have had a hand in shedding soe much innocent blood : and that His Majestie will not grant a pardon to those bloody rebells, for the murders and cruelties committed by them since the breakeing forth of this odious rebellion.
|
| 260 |
|
|
|a London :
|b Printed by I. N. for Henry Twyford ...,
|c 1644.
|
| 300 |
|
|
|a 1 online resource ([2], 6 pages)
|
| 336 |
|
|
|a text
|b txt
|2 rdacontent
|
| 337 |
|
|
|a computer
|b c
|2 rdamedia
|
| 338 |
|
|
|a online resource
|b cr
|2 rdacarrier
|
| 500 |
|
|
|a Reproduction of original in Thomason Collection, British Library.
|
| 510 |
4 |
|
|a Wing
|c H3601
|
| 510 |
4 |
|
|a Madan
|c 1644
|
| 533 |
|
|
|a Electronic reproduction.
|b Ann Arbor, Mich. :
|c UMI,
|d 1999-
|f (Early English books online)
|n Digital version of: (Early English books, 1641-1700 ; 237:E49, no 15)
|7 s1999 miun s
|
| 650 |
|
0 |
|a Protestants
|z Ireland.
|
| 830 |
|
0 |
|a Early English books online.
|
| 856 |
4 |
0 |
|u http://proxy.library.tamu.edu/login?url=https://search.proquest.com/docview/2240922975
|z Connect to the full text of this electronic book
|t 0
|
| 999 |
f |
f |
|s 8f2e309e-8ee5-3512-8805-75590de5d73f
|i ea318af4-c3be-315d-88ab-f04816bfe6e6
|t 0
|
| 952 |
f |
f |
|a Texas A&M University
|b College Station
|c Electronic Resources
|d Available Online
|t 0
|h No information provided
|
| 998 |
f |
f |
|t 0
|l Available Online
|